[Event "RUS-chT"]
[Site "Sochi"]
[Date "2005.04.28"]
[Round "10"]
[White "Kharlov, Andrei"]
[Black "Meister, Jakob"]
[Result "1-0"]
[WhiteElo "2628"]
[BlackElo "2504"]
[Annotator "Marin,M"]
[PlyCount "137"]
[EventDate "2005.04.19"]
[EventType "team"]
[EventRounds "11"]
[EventCountry "RUS"]
[SourceTitle "CBM 107"]
[Source "ChessBase"]
[SourceDate "2005.08.01"]
[SourceVersion "1"]
[SourceVersionDate "2005.08.01"]
[SourceQuality "1"]

1. c4 e6 2. Nc3 d5 3. d4 Nf6 4. cxd5 exd5 5. Bg5 c6 6. Qc2 Be7 7. Nf3 Nbd7 8.
e3 O-O 9. Bd3 Re8 10. h3 Nf8 11. Bf4 Be6 12. O-O N6d7 13. Rab1 a5 {This
natural move has some far from obvious drawbacks. In case of White's a3
followed by b4, Black's plan would more or less justify itself, but White can
try to play in more flexible way. The main drawback of ...a5 is that it
weakens not only the a-pawn itself, but also the b6-square, which could be
quite significant in case White would manage to transfer one of his knights to
c5, forcing an exchange B(N)xc5 dxc5.} ({In this same issue of CBM, the more
flexible} 13... Nb6 {Lytchak,A (2436)-Boensch,U (2540) Bundesliga 0405 2004 
(15.4) 0-1 is analyzed, see}) 14. Rbd1 $5 {White abandons the idea of a queen
side attack and prepares a long term plan of opening the centre with e3-e4,
when the opposition of his rook with the enemy queen could be fruitful.} Nb6
15. Nd2 $146 {A flexible move, which can be the start of several different
plans. One of them would be to transfer one of the knigths to c5, but the move
will also prove useful for the plan actually carried out in the game, by
freeing the way for the f-pawn.} (15. Rfe1 a4 16. a3 f6 17. Rd2 Bd6 18. Bxd6
Qxd6 19. Rde2 Bf7 20. e4 (20. Nd2 $5 {/\f4-f5}) 20... dxe4 21. Nxe4 Qc7 22. Nc5
Rxe2 23. Rxe2 Nd5 24. Be4 {/\Nxa4} (24. Nxa4 Nf4 25. Rd2 Nxd3 26. Rxd3 Bg6 $19)
24... b5 25. Nd3 Rd8 {0-1 Matveeva,S (2445)-Sveshnikov,E (2565)/Yerevan 1996/
CBM 052 ext (48) Black has a solid position and has a stable control of the
light squares.}) (15. Na4 $5) 15... Bd6 $6 {Black fails to foresee the plan
that will follow in the game.} ({He should have refrained for a while from the
generally desirable exchagne of the dark squared bishops, preventing at the
same time the transfer ofboth enemy knights to c5, for instance with} 15... a4
$5 {when White would have had a hard job preparing e4. here is an optimistic
scenario, although improvments for Black are possible on the way, too.} 16. a3
Qd7 17. Qb1 f6 18. Bg3 Bf7 19. e4 dxe4 $6 20. Ndxe4 $36 {[+]} Bb3 (20... Qxd4
$4 21. Be2 $18) 21. Nc5 $1 (21. Rd2 $5) 21... Bxc5 22. dxc5 Bxd1 23. Rxd1 Nd5
24. Bc4 $44) 16. Bxd6 Qxd6 17. Rde1 $1 {By overdefending in advance the
e3-pawn, White prepares the advance of the f-pawn.} f6 18. f4 Bf7 19. Nf3 a4
20. a3 {The a4-pawn is suddenly a permanent source of worries for Black.} Qb8 {
קa4, /\Qa7-a5, Rbd8} 21. g4 Bg6 $6 {Just wasting time, but Black can hardly
oppose anything to White's plan.} 22. f5 Qg3+ 23. Qg2 Qxg2+ {This exchange
only temporarily relieves the pressure against the a4-pawn. AT the same time,
the white king is given the possibility of centralisation.} 24. Kxg2 Bf7 25.
Kf2 Nc8 26. Bc2 $1 {[%csl Ra4]} Nb6 27. Nd2 Nfd7 28. Rg1 Kf8 29. g5 Re7 30. h4
$16 {White has a clear plan on the king side, while Black has hardly any
opportunity for counterplay. White's only weakness (Pe3) is safely defended by
the actively placed king.} Bg8 31. Bd1 Ra5 32. Rg3 c5 33. Reg1 cxd4 34. exd4
fxg5 35. hxg5 Nb8 36. f6 Rc7 37. Bh5 Nc4 38. g6 Nxd2 39. fxg7+ Rxg7 40. gxh7
Rxh7 41. Rxg8+ Ke7 42. Rxb8 Rxh5 43. Rg6 Rh2+ 44. Kg3 Nf1+ 45. Kf4 Kf7 46. Rb6
Nd2 47. R8xb7+ Ke8 48. Rg6 Kf8 49. Rc6 Ra8 50. Nxd5 Rh4+ 51. Ke3 Re8+ 52. Kd3
Nb3 53. Rf6+ Kg8 54. Ne7+ Kg7 55. Rg6+ Kh8 56. Re6 Rh3+ 57. Re3 Rxe3+ 58. Kxe3
Kg7 59. Kd3 Kf6 60. Nd5+ Kf5 61. Rb5 Rd8 62. Nb6+ Kf4 63. Rd5 Rh8 64. Nxa4 Rh3+
65. Kc2 Na1+ 66. Kb1 Nb3 67. Nc5 Nd2+ 68. Ka2 Nc4 69. Ne6+ 1-0

[Event "EU-ch 6th"]
[Site "Warsaw"]
[Date "2005.06.21"]
[Round "4"]
[White "Kharlov, Andrei"]
[Black "Kritz, Leonid"]
[Result "0-1"]
[WhiteElo "2628"]
[BlackElo "2549"]
[Annotator "Kritz,L"]
[PlyCount "148"]
[EventDate "2005.06.18"]
[EventType "swiss"]
[EventRounds "13"]
[EventCountry "POL"]
[SourceTitle "CBM 108"]
[Source "ChessBase"]
[SourceDate "2005.09.26"]
[SourceVersion "1"]
[SourceVersionDate "2005.09.26"]
[SourceQuality "1"]

1. e4 e5 2. Nf3 Nf6 3. d4 Nxe4 4. Bd3 Nc6 5. Bxe4 d5 6. Bg5 Qd7 7. Bd3 e4 8.
Be2 $2 {Weiß wurde durch die Eröffnungswahl des Schwarzen ziemlich überrascht
und wählt nicht die optimale Fortsetzung.} (8. O-O f6 9. Re1 (9. Bf4 exd3 $5 (
9... Be7) 10. Qxd3 Bd6 $5 11. Re1+ Ne7 12. Bxd6 Qxd6 13. Nc3 (13. c4 $5 O-O 14.
Nc3 Bf5 15. Qe3 Rae8 16. c5 Qd7 17. h3 Ng6 18. Qd2 Be4 $132) 13... c6 14. Re2
O-O 15. Rae1 Bf5 16. Qd2 Ng6 $11) 9... Be7 (9... fxg5 10. Bb5 Bd6 11. c4 $14)
10. Bf4 exd3 11. Qxd3 O-O 12. Nc3 {Dies ist eine sehr komplizierte Stellung.
Schwarz hat viele Verteidigungsmethoden, u.a. die von R. Hübner vorgeschlagene
Überführung des Läufers über b4-a5 nach b6, man muss aber trotzdem sagen, dass
Weiß überall etwas angenehmer steht.} Bb4 $5 13. Re2 Ba5 14. a3 Bb6 15. Rae1
$14) 8... exf3 9. Bxf3 Qf5 $1 {Ausgleich hat Schwarz jetzt fast überall, aber
ich sah die Möglichkeit, mehr zu erreichen.} (9... Be7 10. Bxe7 Nxe7 11. O-O
O-O 12. c3 Qd6 13. Qb3 Rb8 14. Nd2 Bf5 $11) (9... Nd8 10. Nc3 c6 11. Qd2 Ne6
12. Bh4 Bd6 $11) 10. Bh4 (10. Be3 Nb4 $1 11. Na3 Bd6 12. O-O c6 13. Be2 (13. c3
Nd3 $1 $15) 13... Qf6 $1 (13... O-O 14. c3 Na6 15. Bd3 Qf6 16. Qh5 $14) 14. c3
Na6 15. Bd3 (15. Bxa6 bxa6 $132 {Trotz der schlechteren Bauernstruktur hat
Schwarz gutes Spiel auf den weißen Feldern, was ihm eine gute Kompensation für
die a-Bauern sichert.}) 15... Bf5 16. Qc2 Bxd3 17. Qxd3 O-O $15) 10... Qe6+ $1
(10... Qf4 {Dieser Zug schien mir zu riskant. 10...Qe6 sichert ein angenehmes
Spiel ohne sofortige taktische Komplikationen.} 11. Bg3 Qxd4 12. Qe2+ Be7 (
12... Be6 13. c3 (13. Nc3 Bb4 14. O-O Bxc3 15. bxc3 Qc5 (15... Qxc3 16. Bxd5
Nd4 17. Qe4 O-O 18. Bxe6 Nxe6 19. Qxb7 Qxc2 20. Rfc1 Qf5 21. Bxc7 Nxc7 $11) 16.
Bxc7 O-O $13) 13... Qc5 14. Bxc7 Nd4 15. cxd4 Qc1+ $1 16. Qd1 Bb4+ (16... Qxc7
17. Nc3 Qd7 $13) 17. Ke2 $1 Qxb2+ (17... Qxc7 18. Qa4+ $18) 18. Nd2 Bd7 $1 19.
a4 $1 Qxd4 $44) (12... Ne7 13. c3 Qc5 14. O-O $44) 13. c3 Qc5 14. Bxc7 d4 $13 (
14... Nd4 15. cxd4 Qc1+ 16. Qd1 Qxc7 (16... Bb4+ 17. Kf1 Qxb2 18. Qe2+ Qxe2+
19. Kxe2 $18) 17. Nc3 $16)) 11. Kf1 $8 (11. Be2 Qe4 12. Bg3 Nxd4 13. Nc3 Qxg2
14. Rf1 Bc5 $19) (11. Qe2 Nxd4 12. Qxe6+ Bxe6 $19) (11. Kd2 Qh6+ $19) 11... Bd6
$2 {Ich konnte nicht der Versuchung widerstehen, ein sofortiges taktisches
Tauziehen anzufangen. Nachdem Weiß die Rochade verloren hat und in Zukunft
viel Zeit brauchen wird, um den eigenen König zu evakuieren, sollte man jetzt
auch das eine oder andere Tempo opfern, um die Figuren besser zu plazieren.
Dann hätte man im Mittelspiel gute Chancen auf starke Initiative:} (11... Qd6
$1 12. Nc3 Be6 13. Bg3 (13. Qd2 Qd7 14. Re1 Be7 15. Bxe7 Nxe7 16. Kg1 c6 17. h3
Qd6 $1 $15) 13... Qb4 $1 (13... Qd7 14. Nb5 Rc8 15. c4 $1 a6 16. Nxc7+ Rxc7 17.
Bxc7 Qxc7 18. cxd5 $18) 14. Bxd5 (14. Bxc7 Nxd4 $17) (14. Nxd5 Qb5+ 15. Qe2
Qxe2+ 16. Kxe2 O-O-O $3 17. Nxc7 Nxd4+ $19) 14... Nxd4 15. Bxb7 Rd8 $44) 12.
Qd2 $1 {Jetzt sieht es auf einmal nicht gut aus: Weiß droht sehr stark mit
Nc3-Re1.} (12. Nc3 {Diesen Zug wollte ich provozieren.} Qh6 $1 13. Bg3 Bxg3 14.
fxg3 Be6 15. Nxd5 O-O-O $44) 12... Qf5 13. Bg3 Qf6 (13... Bxg3 14. hxg3 {
An dieser Variante gefiel mir nicht, dass Weiß jetzt nicht mehr die künstliche
Rochade braucht, da sein Turm auf der h-Linie bestens mitspielt und den König
bedroht gar nichts.} Be6 15. Rh5 Qg6 16. c4 $1 $14) 14. Bxd5 Nxd4 (14... Bxg3
$2 15. Bxc6+ Qxc6 16. hxg3 $1 Bf5 17. c3 O-O-O 18. f3 $14) 15. Bxd6 cxd6 16.
Nc3 O-O $11 {Die Stellung ist ausgeglichen. Weiß hat seine Figuren entwickeln
können, braucht aber Zeit, um die Stellung des Königs zu verbessern. Die Zeit
nutzt Schwarz zur Konsolidierung der eigenen Stellung.} 17. Rd1 Ne6 (17... Nc6
18. Bxc6 bxc6 19. Qxd6 Ba6+ 20. Kg1 Rad8 (20... Qxd6 21. Rxd6 Rad8 22. Rxc6 Bc8
23. h4 Rd2 24. Ne4 $16) 21. Qxf6 Rxd1+ 22. Nxd1 gxf6 23. Ne3 Rd8 24. g4 Rd2 25.
Kg2 $16) 18. g3 (18. Ne4 $2 Qxb2 19. Nxd6 Rd8 $15) 18... Nc7 {Wenn sich die
Möglichkeit anbietet, muss man den weißen Läufer gegen den Springer tauschen,
vor allem nach dem Weiß mit g3 die Felder auf dem Königsflügel geschwächt hat.}
(18... Nc5 19. Kg2 $13) (18... Ng5 $6 19. h4 $1 Nf3 20. Qf4 $1 Ne5 (20... Qxf4
21. gxf4 Bg4 22. Rd3 $18) 21. Qxf6 gxf6 22. Kg2 $16) 19. Kg2 Nxd5 20. Qxd5 (20.
Nxd5 $2 Qxb2 21. Ne7+ Kh8 22. Qxd6 Be6 $17 (22... Qxc2 $4 23. Ng6+ hxg6 24.
Qxf8+ $18)) 20... Be6 21. Qd3 (21. Qxd6 Qf5 $1 22. Rd2 Qh3+ 23. Kg1 Rfe8 $17)
21... Rac8 22. h3 Rc6 {Die Stellung hält sich im dynamischen Gleichgewicht.
Schwarz hat den schwachen Bauern auf d6, dafür stehen seine Figuren ideal.
Weiß hat keinen Plan, wie man auf Gewinn spielen könnte, Schwarz kommt
seinerseits aber auch nicht weiter.} 23. Qd4 Qf5 $1 {Jeder Figurentausch ist
günstig für Weiß, denn im Endspiel wird die Schwäche d6 deutlicher.} 24. Rd2 (
24. Qxa7 Rxc3 (24... Qxc2 25. Qxb7 Rfc8 26. Qb4 $14) 25. bxc3 Bd5+ 26. Rxd5
Qxd5+ 27. Kh2 h5 28. Rb1 Re8 29. Qxb7 Qxa2 $11) 24... Rfc8 25. a3 (25. Qxa7
Rxc3 26. bxc3 Bd5+ 27. Rxd5 Qxd5+ 28. Kh2 g6 $15) 25... a6 26. g4 $2 {
Eindeutige Überschätzung der Stellung. Man musste sich mit Remis zufrieden
geben und am besten die Züge wiederholen:} (26. Qd3 Qf6 27. Qd4 $11) 26... Qg6
27. Qd3 Qg5 28. Ne4 Qf4 $15 29. f3 $2 {Weitere Schwächung der eigenen
Königsstellung. Kharlov hat durch diese Bauernbewegung (h3-g4-f3) zwar den
schwarzen Läufer in seiner Aktivität auf dem Königsflügel beschränkt, aber er
hat das Gegenspiel des Schwarzen wohl übersehen.} (29. Nc3 {wäre noch ein
Versuch die Katastrophe zu vermeiden} Rb6 30. Rb1 h5 31. Ne2 Qh6 $15) 29... h5
30. Rh2 (30. gxh5 $5 {- vielleicht sogar das Beste.} d5 31. Nc3 (31. Ng3 Qxd2+
32. Qxd2 Rxc2 $17) 31... Qg5+ 32. Kf2 Qxh5 $17) 30... h4 $17 31. Kg1 Bc4 $1 (
31... d5 $2 32. Nc3 Qg3+ 33. Rhg2 Qe1+ (33... Qxh3 34. Nd1 $1 $18 {/\Sf2}) (
33... Rxc3 34. bxc3 Qxh3 35. Qe3 $16) 34. Qf1 {und Schwarz hat nichts erreicht.
}) 32. Qd4 d5 33. Nc3 Qg3+ 34. Rhg2 Qxf3 35. Nxd5 {Weiß verteidigt sich sehr
zäh, obwohl er in starker Zeitnot ist. Die Stellung ist jedoch nicht mehr zu
retten.} (35. Rdf2 Qxh3 36. Nxd5 Re6 $1 $19) 35... Qf1+ {Bei so einem König
will man die Damen lieber auf dem Brett behalten, trotzdem wäre das
Turmendspiel gewonnen gewesen.} (35... Bxd5 $5 36. Qxd5 Qxd5 37. Rxd5 Rxc2 38.
Rdd2 Rxd2 39. Rxd2 Kf8 $19) 36. Kh2 Bxd5 37. Qxd5 Qf4+ 38. Kh1 Re8 39. Rg1 Re3
40. Rd3 Rxd3 (40... Rxc2 $1 {gewinnt sofort} 41. Qd8+ Re8 $3 42. Qxe8+ Kh7 {
mit Matt}) (40... Rd6 {führt ebenfalls zum Vorteil} 41. Qxd6 Rxh3+ (41... Qf3+
$4 42. Rg2 Re1+ 43. Kh2 $18) 42. Rxh3 (42. Kg2 Rh2#) 42... Qxd6 43. Rxh4 Qf6
44. Rh3 Qxb2 45. Rg2 $15) 41. Qxd3 Rd6 42. Qf5 Qc4 43. Qf2 Qe4+ 44. Qg2 Qe3 {
Weiß hat keinen Zug, der seine Stellung nicht verschlechtern würde!} 45. Rf1
Rd2 46. Qf3 Qxf3+ 47. Rxf3 Rxc2 $19 {Der Rest der Partie ist Sache der Technik.
Mit einem Bauern weniger und mit dem abgeschnittenem König hat Weiß gar keine
Rettungschancen. Schwarz hat viele Gewinnmöglichkeiten.} 48. b4 Ra2 {Um den
gegnerischen Turm auch noch an die Verteidigung des Bauern zu fesseln.} 49. Kg1
f6 50. Rc3 Kh7 51. Rf3 Kg6 52. Kf1 b5 53. Kg1 Kg5 54. Rf5+ Kg6 55. Rf3 Kf7 56.
Re3 g6 57. Rc3 Kg7 58. Rf3 Kh6 {Diese Manöver des Königs sind keineswegs
notwendig gewesen, bei der wenigen Zeit übersah ich das Schach 54.Tf5 und
musste deswegen einige Züge Zeit verlieren. Auf die Stellungsbewertung hatte
es selbstverständlich keinen Einfluss gehabt.} 59. Rxf6 Rxa3 60. Kg2 Rg3+ 61.
Kh2 Rb3 62. Rxa6 Rxb4 63. Kg2 Kg5 64. Rb6 Rb2+ 65. Kf3 Rb3+ 66. Kg2 b4 67. Rd6
Rg3+ 68. Kh2 Re3 69. Kg2 b3 70. Rb6 Rg3+ 71. Kh2 Rc3 72. Kg2 Kf4 73. Rf6+ Ke3
74. Re6+ Kd2 0-1

[Event "EU-ch 6th"]
[Site "Warsaw"]
[Date "2005.06.23"]
[Round "6"]
[White "Kharlov, Andrei"]
[Black "L'Ami, Erwin"]
[Result "1-0"]
[WhiteElo "2628"]
[BlackElo "2515"]
[PlyCount "99"]
[EventDate "2005.06.18"]
[EventType "swiss"]
[EventRounds "13"]
[EventCountry "POL"]
[SourceTitle "CBM 108"]
[Source "ChessBase"]
[SourceDate "2005.09.26"]
[SourceVersion "1"]
[SourceVersionDate "2005.09.26"]
[SourceQuality "1"]

1. e4 c5 2. Nf3 d6 3. Bc4 Nf6 4. d3 e6 5. Bb3 Be7 6. O-O O-O 7. c3 Nc6 8. Re1
b5 9. a3 Bb7 10. Nbd2 Qc7 11. Nf1 Rfe8 12. d4 c4 13. Bc2 e5 14. d5 Nb8 15. h3
Nbd7 16. g4 Nc5 17. Ng3 a6 18. g5 Nfd7 19. h4 Bc8 20. Be3 Nf8 21. Nf5 Bxf5 22.
exf5 Nd3 23. Bxd3 cxd3 24. Nd2 Qb7 25. Qf3 Nd7 26. Qe4 Rac8 27. Qxd3 Nc5 28.
Bxc5 Rxc5 29. Ne4 Rxd5 30. Qf3 Qc6 31. f6 Bd8 32. Kg2 Qc4 33. Rad1 Re6 34. Rxd5
Qxd5 35. Rd1 Qc6 36. Nxd6 Qxf3+ 37. Kxf3 gxf6 38. Nxf7 Kxf7 39. Rxd8 Kg6 40.
Rg8+ Kh5 41. Kg3 fxg5 42. Rxg5+ Kh6 43. Kf3 Rf6+ 44. Ke3 Re6 45. f3 Re8 46. Ke4
Rd8 47. Rxe5 Rd2 48. b4 Ra2 49. Re6+ Kh5 50. Rxa6 1-0

[Event "EU-ch 6th"]
[Site "Warsaw"]
[Date "2005.06.25"]
[Round "7"]
[White "Carlsen, Magnus"]
[Black "Kharlov, Andrei"]
[Result "1-0"]
[WhiteElo "2548"]
[BlackElo "2628"]
[Annotator "Mueller,Karsten"]
[PlyCount "131"]
[EventDate "2005.06.18"]
[EventType "swiss"]
[EventRounds "13"]
[EventCountry "POL"]
[SourceTitle "CBM 108"]
[Source "ChessBase"]
[SourceDate "2005.09.26"]
[SourceVersion "1"]
[SourceVersionDate "2005.09.26"]
[SourceQuality "1"]

1. e4 e5 2. Nf3 Nc6 3. Bb5 Nf6 4. O-O Nxe4 5. d4 Nd6 6. Bxc6 dxc6 7. dxe5 Nf5
8. Qxd8+ Kxd8 9. Nc3 Be6 10. Ng5 Ke7 11. f4 h5 12. Rd1 Rd8 13. Rxd8 Kxd8 14.
Nxe6+ fxe6 15. Ne4 Be7 16. Kf2 c5 17. Be3 b6 18. Rd1+ Kc8 19. Ke2 Kb7 20. Bf2
c4 21. Kf3 Kc6 22. g3 a6 23. h3 g6 24. g4 hxg4+ 25. hxg4 Rh3+ 26. Ke2 Nh6 27.
Rg1 b5 28. Be3 b4 29. Nf2 Rh2 30. Kf3 Bh4 31. Rh1 Rxh1 32. Nxh1 Kd5 33. Bf2
Bxf2 34. Nxf2 a5 35. c3 b3 36. a3 Ng8 37. Nd1 Ne7 38. Ne3+ Kc5 39. Ke4 a4 40.
Nf1 Kb5 41. Nd2 Kc5 42. Nf3 Kc6 43. Nd4+ Kd7 44. Ne2 Kc6 45. Nd4+ Kd7 46. f5
exf5+ 47. gxf5 c5 48. e6+ Ke8 49. Ne2 Nxf5 50. Nf4 Ne7 51. Ke5 g5 52. Nh5 Kd8
53. Kd6 Nf5+ 54. Ke5 Ne7 55. Kf6 Nc6 $2 {Nach diesem passiven Zug bekommt
Schwarz kein Bein mehr auf den Boden.} (55... Nd5+ {war vonnöten:} 56. Kf7 (56.
Kxg5 $2 Nxc3 $19) 56... g4 57. Ng3 Ne7 $11) 56. Kxg5 Ke7 57. Nf4 Kd6 (57... Na7
58. Kf5 Nb5 59. Nd5+ Kd6 60. Ne3 Ke7 61. Nxc4 Nc7 62. Ke5 Nxe6 63. Nb6 $18) 58.
Kf6 Ne7 59. Kf7 Nc6 60. Kf6 Ne7 (60... Ne5 61. Nd5 Ng4+ 62. Kg5 Ne5 63. e7 Kd7
64. Kf6 Ng4+ 65. Kf7 Ne5+ 66. Kg7 Nc6 67. Kf8 $18) 61. Ng2 Ng8+ 62. Kg7 Ne7 (
62... Kxe6 63. Kxg8 Ke5 64. Ne3 Ke4 65. Nxc4 Kd3 66. Nb6 Kc2 67. Nxa4 $18) 63.
Kf7 Nc6 64. Kf6 Nd4 (64... Ne7 65. Ne3 Ng8+ 66. Kg7 Ne7 67. Kf7 Nc8 68. Kf6 $18
) 65. e7 Kd7 66. Kf7 1-0

[Event "EU-ch 6th"]
[Site "Warsaw"]
[Date "2005.06.26"]
[Round "8"]
[White "Kharlov, Andrei"]
[Black "Zaja, Ivan"]
[Result "1-0"]
[WhiteElo "2628"]
[BlackElo "2489"]
[Annotator "Gavrikov"]
[PlyCount "43"]
[EventDate "2005.06.18"]
[EventType "swiss"]
[EventRounds "13"]
[EventCountry "POL"]
[SourceTitle "CBM 108"]
[Source "ChessBase"]
[SourceDate "2005.09.26"]
[SourceVersion "1"]
[SourceVersionDate "2005.09.26"]
[SourceQuality "1"]

1. d4 Nf6 2. c4 e6 3. Nc3 Bb4 4. e3 b6 5. Nge2 Ba6 6. a3 Be7 ({In view of
White´s novelty in this game, Black must have pay more attention to the
continuation} 6... Bxc3+ 7. Nxc3 d5 8. b3 O-O) 7. Nf4 d5 8. cxd5 Bxf1 9. dxe6
$5 {This gambit line is little investigated.} Ba6 ({Dubious is} 9... Bc4 $6 10.
Qa4+ b5 11. Nxb5 Bxb5 12. Qxb5+ Kf8 13. Qb7 g5 14. Qxa8 gxf4 15. Qxa7 $16) 10.
exf7+ Kxf7 11. e4 {[%cal Ge4e5]} ({An alternative is} 11. Qb3+ Ke8 12. Ne6 Qd7
13. e4 (13. Nxg7+ $2 Kd8 14. Ne6+ Kc8 15. d5 Bb7 16. Nf4 Bd6 17. e4 Re8 18. f3
Bxf4 19. Bxf4 Bxd5 $17 {0-1 Ibragimov,I-Burnett,R/Philadelphia 2002/CBM 089
ext (28)}) 13... Nc6 14. Nxg7+ (14. d5 $143 Na5 (14... Ne5 15. Nxc7+ Qxc7 16.
Qa4+ Kf7 17. Qxa6 $13) 15. Qc2 {0-1 Lipiniks,L-Pachman,L/Buenos Aires 1955/MCD
(28)} Kf7 $15) 14... Kd8 15. Be3 {with unclear position.}) 11... c5 12. e5 $1
$146 {[%mdl 8]} ({A new move which is much stronger than} 12. Be3 Nc6 13. Qb3+
c4 14. Qd1 Bd6 $1 15. e5 Nxe5 16. dxe5 Bxe5 $15 {0-1 Lombardy,W-Keres,P/Mar
del Plata 1957/MCD (41)}) 12... Qxd4 (12... cxd4 $2 13. Qb3+ Ke8 14. exf6 Bxf6
15. Ne4 {allows White quickly create decisive threats ,e.g.} Qe7 16. f3 Be5 (
16... Nd7 17. Kf2 Nc5 18. Nxc5 Qxc5 19. Re1+ Be7 20. Bd2 $18) 17. Bd2 Nc6 (
17... Bb7 18. O-O Bxe4 19. Rae1 $1) 18. Qa4 Bb7 19. O-O Kf8 20. Rac1 (20. Rfe1)
20... Rc8 21. Rfe1 g6 22. Nd3 $18) ({but possible was} 12... Nc6 13. exf6 Bxf6
14. Qb3+ c4 15. Qa4 Qe8+ 16. Be3 Na5 17. Qxe8+ Rhxe8 {, and White is only a
bit better.}) 13. e6+ $1 ({Certainly not} 13. exf6 $2 Qxd1+ 14. Nxd1 Bxf6 $17)
13... Kg8 (13... Kf8 {would also have left White with the advantage:} 14. Qf3
Qe5+ 15. Be3 g5 16. Nfe2 (16. Nh5 Nc6 (16... g4 $2 17. Qxa8 Nxh5 18. O-O-O Nf4
19. Rhe1 $18) 17. Qxc6 Rd8 $13) 16... Bxe2 (16... Nc6 17. Qxc6 Kg7 18. O-O-O)
17. Kxe2 Nc6 18. Qxc6 Kg7 19. Kf1 {/\ Re1.}) 14. Qf3 Nc6 (14... Qe5+ 15. Be3 g5
$2 16. Nfd5) 15. Qxc6 Rd8 $2 ({Necessary was instead} 15... Rc8 16. Qf3 Qe5+
17. Be3 Bc4 18. Qb7 (18. O-O-O Bxe6 19. Nxe6 Qxe6 20. Rhe1 Qc6 21. Nd5 Nxd5 22.
Qxd5+ Qxd5 23. Rxd5 Ra8 $14) 18... Qc7 (18... Re8 $2 19. O-O-O Bxe6 20. Nxe6
Qxe6 21. Qxa7) 19. Qxc7 Rxc7 20. O-O-O Rc6 21. Rhe1 a6 (21... g5 $2 22. Nfd5
Nxd5 23. Nxd5 Bxd5 24. Rxd5 Rxe6 25. Rd7 a5 26. Bd2 Rxe1+ 27. Bxe1 Kf7 28. Rb7
$18) 22. h4 g6 {with good drawing chances for Black.}) 16. Be3 Qe5 $2 {Black
fails to find the toughest defence and goes down rather quickly.} ({Correct is
} 16... Qd6 17. Qa4 (17. Qxd6 Rxd6 18. h4 Bc4 $14) 17... b5 18. Nxb5 Qb6 19.
Nc3 g5 (19... Qxb2 $143 20. Rc1 Qb7 21. Rb1 Qc8 22. h4 $16) 20. Nfe2 Qxe6 {
with some play for the pawn.}) 17. Qa4 g5 (17... Bb7 18. Qxa7 Qc7 19. Qa4 g5
20. Nfe2 Qe5 21. O-O Qxe6 22. Bxg5 $18) 18. Nh3 g4 (18... Bc8 19. Nxg5 Bxe6 20.
O-O {is equally hopeless.}) 19. Ng5 Nd5 20. O-O-O Nxe3 ({After} 20... Bxg5 {
decides} 21. Qxg4 Nxe3 (21... h6 22. Bxg5 hxg5 23. Rhe1) 22. Rxd8+ Kg7 23. Rd7+
Kh6 24. fxe3) 21. Rxd8+ Kg7 ({Or} 21... Bxd8 22. Qe8+ (22. Nf7 Qxe6 23. Nxd8
$18) 22... Kg7 23. Qxh8+ Kxh8 24. Nf7+ Kg7 25. Nxe5 $18) 22. Rd7 1-0

[Event "EU-ch 6th"]
[Site "Warsaw"]
[Date "2005.06.29"]
[Round "11"]
[White "Zelcic, Robert"]
[Black "Kharlov, Andrei"]
[Result "1/2-1/2"]
[WhiteElo "2514"]
[BlackElo "2628"]
[PlyCount "126"]
[EventDate "2005.06.18"]
[EventType "swiss"]
[EventRounds "13"]
[EventCountry "POL"]
[SourceTitle "CBM 108"]
[Source "ChessBase"]
[SourceDate "2005.09.26"]
[SourceVersion "1"]
[SourceVersionDate "2005.09.26"]
[SourceQuality "1"]

1. e4 c5 2. Nf3 Nc6 3. d4 cxd4 4. Nxd4 Nf6 5. Nc3 d6 6. Bg5 e6 7. Qd2 Be7 8.
O-O-O O-O 9. f4 Nxd4 10. Qxd4 Qa5 11. Kb1 h6 12. h4 Rd8 13. Be2 Bd7 14. Qe3 Bc6
15. Qg3 Kf8 16. f5 exf5 17. exf5 hxg5 18. hxg5 Ng8 19. Rh8 Qxf5 20. Bd3 Qxg5
21. Bh7 Ke8 22. Rxg8+ Kd7 23. Rxd6+ Kc7 24. Qxg5 Bxg5 25. Rdxd8 Bxd8 26. Be4 g6
27. Bxc6 Kxc6 28. Rf8 f5 29. Ne2 Kd6 30. Rg8 Ke5 31. Rxg6 Bb6 32. Nc1 f4 33.
Nd3+ Kf5 34. Rg7 Be3 35. Rxb7 Rg8 36. Rf7+ Ke6 37. Rxf4 Bxf4 38. Nxf4+ Kd6 39.
b3 Rg4 40. Nd3 Rxg2 41. Kb2 Rh2 42. b4 Rh4 43. Kb3 Rh5 44. Ka4 Rh2 45. Kb3 Rh5
46. a3 Rh2 47. a4 Kc6 48. a5 Rh1 49. c3 Rh5 50. Nf4 Re5 51. Nd3 Rh5 52. Ne1 Rh1
53. Nc2 Kd5 54. Ne3+ Ke4 55. Nc4 Kd5 56. Na3 a6 57. Nc4 Rb1+ 58. Nb2 Rh1 59.
Na4 Rb1+ 60. Kc2 Rxb4 61. cxb4 Kc4 62. Nc5 Kxb4 63. Nb3 Kc4 1/2-1/2